[Event "XtraCon-Skakligaen"]
[Site "Denmark"]
[Date "2014.01.12"]
[Round "5.1"]
[White "Hagen, Andreas Skytte"]
[Black "Matthiesen, Arne"]
[Result "1/2-1/2"]
[WhiteElo "2421"]
[BlackElo "2358"]
[PlyCount "56"]
[EventDate "2013.11.02"]
[EventType "team-tourn"]
[EventRounds "9"]
[WhiteTeam "K41"]
[BlackTeam "SK1968"]
[WhiteTeamCountry "DEN"]
[BlackTeamCountry "DEN"]

1. e4 c5 2. Nf3 Nc6 3. d4 cxd4 4. Nxd4 g6 5. c4 Bg7 6. Be3 Nf6 7. Nc3 O-O 8.
Be2 d6 9. O-O Bd7 10. Nc2 Rc8 11. Qd2 Re8 12. f3 Qa5 13. a3 Be6 14. b4 Qd8 15.
Nd5 Ne5 16. Bxa7 Nxc4 17. Bxc4 Rxc4 18. Nce3 Bxd5 19. exd5 Rc8 20. Bd4 e5 21.
dxe6 fxe6 22. Rad1 d5 23. Bb2 Qb6 24. Kh1 Rcd8 25. Bd4 Qd6 26. f4 Ne4 27. Qb2
Qe7 28. Kg1 Bxd4 1/2-1/2

[Event "XtraCon-Skakligaen"]
[Site "Denmark"]
[Date "2014.01.12"]
[Round "5.3"]
[White "Stojanovski, Sandi"]
[Black "Bank, Pelle Rodkjaer"]
[Result "1/2-1/2"]
[WhiteElo "2289"]
[BlackElo "2247"]
[PlyCount "31"]
[EventDate "2013.11.02"]
[EventType "team-tourn"]
[EventRounds "9"]
[WhiteTeam "K41"]
[BlackTeam "SK1968"]
[WhiteTeamCountry "DEN"]
[BlackTeamCountry "DEN"]

1. d4 d5 2. c4 e6 3. Nc3 c5 4. cxd5 cxd4 5. Qxd4 Nc6 6. Qd1 exd5 7. e3 Nf6 8.
Nf3 Bc5 9. Be2 O-O 10. O-O a6 11. b3 d4 12. Na4 Ba7 13. exd4 Nxd4 14. Nxd4 Bxd4
15. Bb2 Bxb2 16. Nxb2 1/2-1/2

[Event "XtraCon-Skakligaen"]
[Site "Denmark"]
[Date "2014.01.12"]
[Round "5.4"]
[White "Hansen, Lars"]
[Black "Laursen, Niels Norskov"]
[Result "1/2-1/2"]
[WhiteElo "2241"]
[BlackElo "2282"]
[PlyCount "106"]
[EventDate "2013.11.02"]
[EventType "team-tourn"]
[EventRounds "9"]
[WhiteTeam "SK1968"]
[BlackTeam "K41"]
[WhiteTeamCountry "DEN"]
[BlackTeamCountry "DEN"]

1. e4 c5 2. Nc3 a6 3. g3 b5 4. Bg2 Bb7 5. d3 e6 6. f4 d5 7. e5 Nc6 8. Nf3 Nge7
9. O-O h5 10. Ne2 Nf5 11. c3 Rc8 12. Qe1 Be7 13. Qf2 d4 14. Rd1 Ba8 15. h3 Qd7
16. c4 Nb4 17. Ne1 Bxg2 18. Qxg2 bxc4 19. dxc4 Qc6 20. Qxc6+ Nxc6 21. Nd3 f6
22. Bd2 Rg8 23. Kf2 Rf8 24. exf6 gxf6 25. g4 hxg4 26. hxg4 Nh6 27. Kf3 f5 28.
g5 Ng4 29. Rh1 e5 30. fxe5 Ncxe5+ 31. Nxe5 Nxe5+ 32. Kg3 Nxc4 33. Bf4 Nxb2 34.
Rab1 Nd3 35. Rb7 Nxf4 36. Nxf4 Bd6 37. Rhh7 Rg8 38. Kf3 Bxf4 39. Kxf4 c4 40. g6
c3 41. Rhe7+ Kf8 42. g7+ Rxg7 43. Rxg7 d3 44. Kg5 c2 45. Rbf7+ Ke8 46. Re7+ Kd8
47. Rd7+ Ke8 48. Rge7+ Kf8 49. Rf7+ Kg8 50. Rg7+ Kf8 51. Rgf7+ Kg8 52. Rg7+ Kf8
53. Rgf7+ Kg8 1/2-1/2

[Event "XtraCon-Skakligaen"]
[Site "Denmark"]
[Date "2014.01.12"]
[Round "5.5"]
[White "Schmidt, Kristen"]
[Black "Rewitz, Poul"]
[Result "1-0"]
[WhiteElo "2262"]
[BlackElo "2233"]
[PlyCount "111"]
[EventDate "2013.11.02"]
[EventType "team-tourn"]
[EventRounds "9"]
[WhiteTeam "K41"]
[BlackTeam "SK1968"]
[WhiteTeamCountry "DEN"]
[BlackTeamCountry "DEN"]

1. e4 g6 2. d4 Bg7 3. Nc3 d5 4. exd5 Nf6 5. Bb5+ Nbd7 6. Nf3 O-O 7. O-O Nb6 8.
Ne5 Bf5 9. Bd3 Bxd3 10. Nxd3 Nfxd5 11. Nxd5 Qxd5 12. c3 Nd7 13. Re1 Rfe8 14.
Bf4 c5 15. Nxc5 Nxc5 16. dxc5 Qxc5 17. Qb3 Qc6 18. Rad1 e5 19. Bg5 h6 20. Be3
a6 21. Qd5 Qc7 22. Qd7 Re7 23. Qxc7 Rxc7 24. Rd6 Bf8 25. Rd5 Re8 26. a4 f5 27.
a5 Rf7 28. f3 Bg7 29. Red1 e4 30. f4 Bf6 31. Kf2 Bh4+ 32. Ke2 Bf6 33. h3 h5 34.
g3 Rff8 35. g4 fxg4 36. hxg4 hxg4 37. Rg1 Rd8 38. Rc5 Rd7 39. Rxg4 Kf7 40. f5
gxf5 41. Rxf5 Ke6 42. Rgf4 Rff7 43. Bd4 Bd8 44. Re5+ Kd6 45. Rfxe4 Kc7 46. Bb6+
Kc8 47. Re8 Rf6 48. Rc4+ Rc6 49. Rxc6+ bxc6 50. Kf3 Rf7+ 51. Kg4 Rd7 52. Kf5
Rd2 53. Rxd8+ Rxd8 54. Bxd8 Kxd8 55. Ke6 Kc7 56. c4 1-0

[Event "XtraCon-Skakligaen"]
[Site "Denmark"]
[Date "2014.01.12"]
[Round "5.6"]
[White "Pedersen, Gunnar"]
[Black "Andreasen, Joan Hendrik"]
[Result "1/2-1/2"]
[WhiteElo "2254"]
[BlackElo "2239"]
[PlyCount "32"]
[EventDate "2013.11.02"]
[EventType "team-tourn"]
[EventRounds "9"]
[WhiteTeam "SK1968"]
[BlackTeam "K41"]
[WhiteTeamCountry "DEN"]
[BlackTeamCountry "DEN"]

1. d4 Nf6 2. Nf3 g6 3. Bg5 Bg7 4. Nbd2 c5 5. Bxf6 Bxf6 6. Ne4 Bxd4 7. Nxd4 cxd4
8. Qxd4 O-O 9. g3 Nc6 10. Qd2 Qa5 11. Nc3 d6 12. Bg2 Be6 13. Nd5 Bxd5 14. Bxd5
Qxd2+ 15. Kxd2 Ne5 16. f4 Nc6 1/2-1/2

[Event "XtraCon-Skakligaen"]
[Site "Denmark"]
[Date "2014.01.12"]
[Round "5.7"]
[White "Brinck Claussen, Bjorn"]
[Black "Christensen, Thomas"]
[Result "1-0"]
[WhiteElo "2248"]
[BlackElo "2228"]
[PlyCount "51"]
[EventDate "2013.11.02"]
[EventType "team-tourn"]
[EventRounds "9"]
[WhiteTeam "K41"]
[BlackTeam "SK1968"]
[WhiteTeamCountry "DEN"]
[BlackTeamCountry "DEN"]

1. e4 c5 2. Nf3 d6 3. d4 cxd4 4. Nxd4 Nf6 5. Nc3 a6 6. Bc4 e6 7. a3 Be7 8. O-O
Qc7 9. Ba2 Nc6 10. Be3 Bd7 11. Kh1 Na5 12. Qe2 Rc8 13. Rad1 Nc4 14. Bc1 b5 15.
f4 Qc5 16. Rd3 a5 17. b4 axb4 18. axb4 Qxb4 19. e5 dxe5 20. fxe5 Nxe5 21. Qxe5
Rxc3 22. Nxe6 Rxd3 23. Qb8+ Bc8 24. cxd3 Qc3 25. Bd2 Qc6 26. Rc1 1-0

[Event "XtraCon-Skakligaen"]
[Site "Denmark"]
[Date "2014.01.12"]
[Round "5.8"]
[White "Andersen, Lars Ren"]
[Black "Reimanis, Ritvars"]
[Result "0-1"]
[WhiteElo "2168"]
[BlackElo "2187"]
[PlyCount "70"]
[EventDate "2013.11.02"]
[EventType "team-tourn"]
[EventRounds "9"]
[WhiteTeam "SK1968"]
[BlackTeam "K41"]
[WhiteTeamCountry "DEN"]
[BlackTeamCountry "DEN"]

1. c4 e6 2. g3 d5 3. Bg2 Nf6 4. Nf3 Be7 5. O-O O-O 6. Qc2 c5 7. d3 Nc6 8. a3 b6
9. b3 Bb7 10. e3 Qc7 11. Bb2 Rad8 12. Nbd2 Qb8 13. Rac1 Qa8 14. Rfd1 dxc4 15.
bxc4 Rd7 16. Bf1 Rfd8 17. h3 Ne8 18. Ne4 Nd6 19. Qc3 Ne8 20. Be2 f5 21. Ned2
Bf6 22. Qc2 e5 23. e4 g6 24. Bf1 Nd6 25. exf5 gxf5 26. Re1 Re8 27. Re2 Nf7 28.
Rce1 Qd8 29. d4 e4 30. d5 Nd4 31. Nxd4 cxd4 32. Nf3 d3 33. Bxf6 Qxf6 34. Qb2
Ne5 35. Nxe5 dxe2 0-1

[Event "XtraCon-Skakligaen"]
[Site "Denmark"]
[Date "2014.01.26"]
[Round "6.1"]
[White "Kolbak, Jens"]
[Black "Andersen, Mads"]
[Result "1-0"]
[WhiteElo "2271"]
[BlackElo "2476"]
[PlyCount "63"]
[EventDate "2013.11.02"]
[EventType "team-tourn"]
[EventRounds "9"]
[WhiteTeam "Norresundby"]
[BlackTeam "Skanderborg"]
[WhiteTeamCountry "DEN"]
[BlackTeamCountry "DEN"]

1. e4 c5 2. Nf3 e6 3. d4 cxd4 4. Nxd4 Nc6 5. Be3 Nf6 6. Bd3 d5 7. Nxc6 bxc6 8.
Nd2 Bd6 9. Bg5 Rb8 10. Qe2 Be5 11. O-O Qc7 12. f4 Bxb2 13. Rad1 dxe4 14. Nxe4
Nd5 15. f5 e5 16. f6 g6 17. Kh1 Bf5 18. Bd2 Ba3 19. c4 Nb4 20. Bb1 Na6 21. Bc3
Bxe4 22. Qxe4 Bb2 23. Bxb2 Rxb2 24. Qh4 Nc5 25. Bxg6 Rb8 26. Bf5 Rd8 27. Qg3 h5
28. Rxd8+ Kxd8 29. Rd1+ Ke8 30. Re1 Kd8 31. Qg7 Re8 32. Rd1+ 1-0

[Event "XtraCon-Skakligaen"]
[Site "Denmark"]
[Date "2014.01.26"]
[Round "6.2"]
[White "Palo, Davor"]
[Black "Sorensen, Bent"]
[Result "1-0"]
[WhiteElo "2553"]
[BlackElo "2247"]
[PlyCount "79"]
[EventDate "2013.11.02"]
[EventType "team-tourn"]
[EventRounds "9"]
[WhiteTeam "Skanderborg"]
[BlackTeam "Norresundby"]
[WhiteTeamCountry "DEN"]
[BlackTeamCountry "DEN"]

1. d4 d5 2. c4 e6 3. Nc3 c6 4. e3 Nf6 5. Nf3 Nbd7 6. Bd3 Bd6 7. e4 dxe4 8. Nxe4
Nxe4 9. Bxe4 c5 10. O-O O-O 11. Bc2 Re8 12. Qd3 Nf8 13. Be3 cxd4 14. Qxd4 e5
15. Qd2 Qe7 16. Rfd1 Bb4 17. Qe2 Bg4 18. h3 Bh5 19. Rd5 f6 20. a3 Bd6 21. Rad1
Bc7 22. Be4 Red8 23. Bc5 Qe8 24. Rxd8 Rxd8 25. Rxd8 Bxd8 26. Bxb7 Ne6 27. Bxa7
Qd7 28. Bd5 Qxa7 29. Bxe6+ Kf8 30. Qd2 Ke7 31. Bg4 Bg6 32. c5 Bc7 33. Qd7+ Kf8
34. Qc8+ Ke7 35. Qe6+ Kf8 36. Qc8+ Ke7 37. b4 Be8 38. Nh4 h5 39. Nf5+ Kf8 40.
Bxh5 1-0

[Event "XtraCon-Skakligaen"]
[Site "Denmark"]
[Date "2014.01.26"]
[Round "6.3"]
[White "Andreasen, Per Naesby"]
[Black "Pedersen, Nicolai Vesterbaek"]
[Result "0-1"]
[WhiteElo "2232"]
[BlackElo "2397"]
[PlyCount "100"]
[EventDate "2013.11.02"]
[EventType "team-tourn"]
[EventRounds "9"]
[WhiteTeam "Norresundby"]
[BlackTeam "Skanderborg"]
[WhiteTeamCountry "DEN"]
[BlackTeamCountry "DEN"]

1. g3 d5 2. Bg2 e5 3. d3 Nf6 4. Nf3 Bd6 5. e4 dxe4 6. dxe4 Nxe4 7. O-O O-O 8.
Re1 Nf6 9. Nc3 Nc6 10. Bg5 h6 11. Bxf6 Qxf6 12. Nd2 Qg6 13. Nc4 Bg4 14. Qc1 Qh5
15. Nb5 Rad8 16. c3 Be2 17. Nbxd6 cxd6 18. Ne3 Bd3 19. Nd5 Rfe8 20. Qe3 Bh7 21.
Rad1 e4 22. f4 Rd7 23. c4 Bf5 24. b4 a6 25. a3 Bg4 26. Rd2 f5 27. Kf2 Qf7 28.
h3 Bh5 29. Bf1 Ne7 30. Nb6 Rdd8 31. Rc1 Kh8 32. Rcc2 Qe6 33. Nd5 Nxd5 34. Rxd5
Bf7 35. Rcd2 Qc8 36. R5d4 Qc6 37. g4 Be6 38. Be2 b5 39. c5 d5 40. Rd1 Rf8 41.
Rg1 fxg4 42. hxg4 Qc7 43. f5 Qe5 44. Kg2 Bd7 45. Rgd1 Bc6 46. Qg3 Qf6 47. Kh2
g6 48. fxg6 Qf2+ 49. Qg2 Qe3 50. g7+ Kxg7 0-1

[Event "XtraCon-Skakligaen"]
[Site "Denmark"]
[Date "2014.01.26"]
[Round "6.4"]
[White "Pedersen, Steffen"]
[Black "Jorgensen, Jorgen"]
[Result "1-0"]
[WhiteElo "2425"]
[BlackElo "2257"]
[PlyCount "57"]
[EventDate "2013.11.02"]
[EventType "team-tourn"]
[EventRounds "9"]
[WhiteTeam "Skanderborg"]
[BlackTeam "Norresundby"]
[WhiteTeamCountry "DEN"]
[BlackTeamCountry "DEN"]

1. d4 f5 2. c4 Nf6 3. g3 g6 4. Bg2 Bg7 5. Nc3 O-O 6. Nh3 d6 7. d5 Na6 8. O-O
Bd7 9. Nf4 c6 10. e4 fxe4 11. Nxe4 Nxe4 12. Bxe4 Nc5 13. Bc2 Qe8 14. Rb1 a5 15.
b3 Qf7 16. h4 cxd5 17. cxd5 Be5 18. Be3 b6 19. Kh2 Rfc8 20. Nh3 Qg7 21. f4 Bf6
22. Ng5 h6 23. Ne4 Nxe4 24. Bxe4 b5 25. Rc1 Rxc1 26. Qxc1 Bf5 27. Qc6 Rc8 28.
Bxf5 Rxc6 29. Be6+ 1-0

[Event "XtraCon-Skakligaen"]
[Site "Denmark"]
[Date "2014.01.26"]
[Round "6.5"]
[White "Pedersen, Svend"]
[Black "Pedersen, Jan"]
[Result "1/2-1/2"]
[WhiteElo "2231"]
[BlackElo "2395"]
[PlyCount "59"]
[EventDate "2013.11.02"]
[EventType "team-tourn"]
[EventRounds "9"]
[WhiteTeam "Norresundby"]
[BlackTeam "Skanderborg"]
[WhiteTeamCountry "DEN"]
[BlackTeamCountry "DEN"]

1. e4 e6 2. d3 d5 3. Nd2 c5 4. g3 Nc6 5. Bg2 Nf6 6. Ngf3 Be7 7. O-O O-O 8. e5
Nd7 9. Re1 b5 10. Nf1 b4 11. h4 a5 12. N1h2 a4 13. a3 bxa3 14. bxa3 Rb8 15. h5
f6 16. exf6 Bxf6 17. Ra2 Nde5 18. Bf4 Nxf3+ 19. Nxf3 e5 20. Nxe5 Nxe5 21. Bxe5
Bxe5 22. Rxe5 d4 23. Ra1 Bb7 24. Qe2 Bxg2 25. Kxg2 Qd6 26. Qe4 Rb2 27. Rc1 h6
28. Re6 Qd8 29. Rxh6 gxh6 30. Qg6+ 1/2-1/2

[Event "XtraCon-Skakligaen"]
[Site "Denmark"]
[Date "2014.01.26"]
[Round "6.6"]
[White "Boe, Mads"]
[Black "Christiansen, Jens Jorgen"]
[Result "1/2-1/2"]
[WhiteElo "2364"]
[BlackElo "2129"]
[PlyCount "83"]
[EventDate "2013.11.02"]
[EventType "team-tourn"]
[EventRounds "9"]
[WhiteTeam "Skanderborg"]
[BlackTeam "Norresundby"]
[WhiteTeamCountry "DEN"]
[BlackTeamCountry "DEN"]

1. d4 d5 2. Nf3 Nf6 3. Bg5 c6 4. e3 Bg4 5. Bd3 Nbd7 6. h3 Bh5 7. Bf4 e6 8. c4
Be7 9. Nc3 a6 10. O-O b5 11. b3 O-O 12. Qc2 Bg6 13. Bxg6 hxg6 14. Qd3 Rc8 15.
c5 a5 16. g4 Re8 17. Kg2 Bxc5 18. dxc5 e5 19. Nxe5 Nxe5 20. Qd4 Qe7 21. Rac1
Qe6 22. f3 Rcd8 23. Rfe1 Nh7 24. Rcd1 g5 25. Bg3 Qf6 26. Rf1 Ng6 27. Qxf6 Nxf6
28. Kf2 Nf8 29. Ne2 Ne6 30. Rc1 d4 31. exd4 Nxd4 32. Nxd4 Rxd4 33. Rfd1 Rxd1
34. Rxd1 Nd5 35. Rd2 f6 36. Rd4 Kf7 37. Rd2 Ra8 38. a3 Rh8 39. Kg2 Re8 40. Kf2
Rh8 41. Kg2 Re8 42. Kf2 1/2-1/2

[Event "XtraCon-Skakligaen"]
[Site "Denmark"]
[Date "2014.01.26"]
[Round "6.8"]
[White "Seegert, Kristian"]
[Black "Willumsen, Henrik"]
[Result "0-1"]
[WhiteElo "2154"]
[BlackElo "2055"]
[PlyCount "44"]
[EventDate "2013.11.02"]
[EventType "team-tourn"]
[EventRounds "9"]
[WhiteTeam "Skanderborg"]
[BlackTeam "Norresundby"]
[WhiteTeamCountry "DEN"]
[BlackTeamCountry "DEN"]

1. e4 c5 2. Nf3 d6 3. d4 cxd4 4. Nxd4 Nf6 5. Nc3 g6 6. Be3 Bg7 7. f3 O-O 8. Qd2
Nc6 9. Bc4 Bd7 10. Bb3 a5 11. O-O-O a4 12. Nxc6 bxc6 13. Nxa4 c5 14. Nxc5 dxc5
15. e5 Qb8 16. exf6 Bxf6 17. Qxd7 c4 18. Qd5 cxb3 19. Qxb3 Qc7 20. Bd2 Rfb8 21.
Bb4 Qf4+ 22. Bd2 Qe5 0-1

[Event "XtraCon-Skakligaen"]
[Site "Denmark"]
[Date "2014.01.26"]
[Round "6.1"]
[White "Sloth, Jorn"]
[Black "Matthiesen, Martin"]
[Result "1/2-1/2"]
[WhiteElo "2338"]
[BlackElo "2306"]
[PlyCount "40"]
[EventDate "2013.11.02"]
[EventType "team-tourn"]
[EventRounds "9"]
[WhiteTeam "Nordre"]
[BlackTeam "SK1968"]
[WhiteTeamCountry "DEN"]
[BlackTeamCountry "DEN"]

1. Nf3 c5 2. c4 Nc6 3. Nc3 g6 4. g3 Bg7 5. Bg2 e6 6. d3 Nge7 7. Bg5 h6 8. Bd2
b6 9. a3 d5 10. Rb1 a5 11. b3 O-O 12. Qc1 Kh7 13. h4 Bb7 14. O-O Qd7 15. Na4
Ra6 16. Qc2 Rc8 17. e3 Kg8 18. Rfd1 Nd8 19. Be1 Bc6 20. e4 Bb7 1/2-1/2

[Event "XtraCon-Skakligaen"]
[Site "Denmark"]
[Date "2014.01.26"]
[Round "6.2"]
[White "Lindfeldt, Jan Magnus"]
[Black "Baekgaard, Martin"]
[Result "0-1"]
[WhiteElo "2286"]
[BlackElo "2301"]
[PlyCount "124"]
[EventDate "2013.11.02"]
[EventType "team-tourn"]
[EventRounds "9"]
[WhiteTeam "SK1968"]
[BlackTeam "Nordre"]
[WhiteTeamCountry "DEN"]
[BlackTeamCountry "DEN"]

1. e4 e5 2. Nf3 Nc6 3. Bb5 a6 4. Ba4 Nge7 5. O-O g6 6. d4 exd4 7. c3 Bg7 8.
cxd4 O-O 9. d5 b5 10. Bc2 Na5 11. Nc3 d6 12. Re1 Bb7 13. a3 Rc8 14. h4 Nc4 15.
h5 Qd7 16. hxg6 hxg6 17. Ng5 c6 18. Qf3 Ne5 19. Qg3 cxd5 20. exd5 Nxd5 21. Nxd5
Bxd5 22. Be4 Bxe4 23. Nxe4 Qg4 24. Qxg4 Nxg4 25. Rd1 Rc2 26. f3 Re8 27. Nxd6
Bd4+ 28. Kh1 Nf2+ 29. Kh2 Nxd1 30. Nxe8 Nxb2 31. Bg5 Re2 32. Nf6+ Kg7 33. Nd5
f6 34. Bf4 Nd3 35. Rd1 Nxf4 36. Rxd4 Nxg2 37. Kg3 Ne3 38. Nxe3 Rxe3 39. a4 bxa4
40. Rxa4 Re6 41. Kf4 g5+ 42. Kf5 Re5+ 43. Kg4 a5 44. f4 Rb5 45. Kh5 gxf4+ 46.
Kg4 Kg6 47. Ra1 f5+ 48. Kxf4 Rb4+ 49. Kf3 a4 50. Rg1+ Kf6 51. Rg8 Ke5 52. Re8+
Kd5 53. Rf8 f4 54. Ra8 Rd4 55. Ra5+ Kc6 56. Ke2 Kb6 57. Ra8 Kb5 58. Rb8+ Kc4
59. Rc8+ Kb3 60. Rb8+ Rb4 61. Ra8 a3 62. Kd3 a2 0-1

[Event "XtraCon-Skakligaen"]
[Site "Denmark"]
[Date "2014.01.26"]
[Round "6.3"]
[White "Petersen, Tom Petri"]
[Black "Bank, Pelle Rodkjaer"]
[Result "1/2-1/2"]
[WhiteElo "2323"]
[BlackElo "2247"]
[PlyCount "68"]
[EventDate "2013.11.02"]
[EventType "team-tourn"]
[EventRounds "9"]
[WhiteTeam "Nordre"]
[BlackTeam "SK1968"]
[WhiteTeamCountry "DEN"]
[BlackTeamCountry "DEN"]

1. Nf3 g6 2. g3 Bg7 3. Bg2 d6 4. O-O e5 5. e4 Nc6 6. c3 Nf6 7. Re1 O-O 8. d4 h6
9. dxe5 Nxe5 10. Nxe5 dxe5 11. Be3 Qe7 12. f3 Rd8 13. Qe2 Be6 14. Na3 Nd7 15.
Red1 Nb6 16. Bf1 Bf8 17. Rxd8 Rxd8 18. Kg2 Qd7 19. b4 Na4 20. Qc2 Bh3+ 21. Kf2
Bxf1 22. Rxf1 a5 23. Nc4 axb4 24. cxb4 Qb5 25. a3 c5 26. Nxe5 cxb4 27. axb4
Qxe5 28. Qxa4 Qb2+ 29. Kg1 Qe2 30. Bb6 Rd2 31. Rf2 Qe1+ 32. Rf1 Qe2 33. Rf2
Qe1+ 34. Rf1 Qe2 1/2-1/2

[Event "XtraCon-Skakligaen"]
[Site "Denmark"]
[Date "2014.01.26"]
[Round "6.4"]
[White "Hansen, Lars"]
[Black "Veng, Johnny"]
[Result "1-0"]
[WhiteElo "2241"]
[BlackElo "2232"]
[PlyCount "49"]
[EventDate "2013.11.02"]
[EventType "team-tourn"]
[EventRounds "9"]
[WhiteTeam "SK1968"]
[BlackTeam "Nordre"]
[WhiteTeamCountry "DEN"]
[BlackTeamCountry "DEN"]

1. e4 e6 2. d4 d5 3. Nd2 dxe4 4. Nxe4 Bd7 5. Nf3 Bc6 6. Bd3 Nd7 7. O-O Ngf6 8.
Ned2 Be7 9. Re1 O-O 10. c4 Re8 11. a3 a5 12. b3 Rb8 13. Qe2 Bf8 14. Bb2 g6 15.
Rad1 b6 16. Ne5 Nxe5 17. dxe5 Nh5 18. Be4 Bxe4 19. Nxe4 Qh4 20. g4 Nf4 21. Qf3
Bh6 22. Nf6+ Kg7 23. Qg3 Bg5 24. Nxe8+ Rxe8 25. Re4 1-0

[Event "XtraCon-Skakligaen"]
[Site "Denmark"]
[Date "2014.01.26"]
[Round "6.5"]
[White "Hoiberg, Nina"]
[Black "Rewitz, Poul"]
[Result "0-1"]
[WhiteElo "2212"]
[BlackElo "2233"]
[PlyCount "82"]
[EventDate "2013.11.02"]
[EventType "team-tourn"]
[EventRounds "9"]
[WhiteTeam "Nordre"]
[BlackTeam "SK1968"]
[WhiteTeamCountry "DEN"]
[BlackTeamCountry "DEN"]

1. e4 e6 2. Nf3 d5 3. e5 c5 4. b4 cxb4 5. a3 Nc6 6. axb4 Bxb4 7. c3 Be7 8. d4
f6 9. Bd3 fxe5 10. dxe5 Nh6 11. Bxh6 gxh6 12. Nd4 Nxe5 13. Qh5+ Nf7 14. Bb5+
Kf8 15. f4 Bf6 16. Na3 Qc7 17. Qf3 a6 18. Be2 Bxd4 19. cxd4 Qa5+ 20. Kf2 Bd7
21. Nc4 Qd8 22. Ne3 Rg8 23. Rhb1 b5 24. Kg1 Kg7 25. Kh1 Kh8 26. Ng4 Qe7 27. Qh3
Rgb8 28. Bd3 a5 29. Re1 b4 30. f5 b3 31. fxe6 Bxe6 32. Qe3 Rb6 33. Bf5 b2 34.
Rab1 Raa6 35. Bd3 Ra7 36. Re2 a4 37. Nxh6 a3 38. Nxf7+ Qxf7 39. Qg5 Ra8 40. Qh4
a2 41. Bxh7 Qxh7 0-1

[Event "XtraCon-Skakligaen"]
[Site "Denmark"]
[Date "2014.01.26"]
[Round "6.6"]
[White "Hansen, Bjarne"]
[Black "Christensen, Jan Schleicher"]
[Result "1-0"]
[WhiteElo "2288"]
[BlackElo "2218"]
[PlyCount "83"]
[EventDate "2013.11.02"]
[EventType "team-tourn"]
[EventRounds "9"]
[WhiteTeam "SK1968"]
[BlackTeam "Nordre"]
[WhiteTeamCountry "DEN"]
[BlackTeamCountry "DEN"]

1. d4 Nf6 2. Bg5 Ne4 3. Bf4 c5 4. f3 Qa5+ 5. c3 Nf6 6. Nd2 cxd4 7. Nb3 Qb6 8.
Qxd4 Nc6 9. Qxb6 axb6 10. Nd4 e5 11. Nxc6 exf4 12. Nd4 d5 13. a3 Bd7 14. g3 Bd6
15. Kf2 O-O 16. Re1 Nh5 17. gxf4 Nxf4 18. e3 Be7 19. h4 Ng6 20. Kg3 Rae8 21. f4
Bd6 22. Ngf3 Ne7 23. Rh2 f5 24. Rd2 Rf6 25. Kf2 Kh8 26. Bg2 Bc6 27. Ng5 Ng6 28.
h5 Ne7 29. Red1 h6 30. Ngf3 Bc7 31. Nh4 Ref8 32. c4 Kh7 33. cxd5 Nxd5 34. Nxc6
bxc6 35. Bxd5 cxd5 36. Rxd5 Rc6 37. R1d2 Bb8 38. Ng6 Re8 39. Rd8 Rc8 40. Rxe8
Rxe8 41. Rd5 Rc8 42. Kf3 1-0

[Event "XtraCon-Skakligaen"]
[Site "Denmark"]
[Date "2014.01.26"]
[Round "6.7"]
[White "Klitgaard, Thomas"]
[Black "Pedersen, Gunnar"]
[Result "1-0"]
[WhiteElo "2182"]
[BlackElo "2254"]
[PlyCount "79"]
[EventDate "2013.11.02"]
[EventType "team-tourn"]
[EventRounds "9"]
[WhiteTeam "Nordre"]
[BlackTeam "SK1968"]
[WhiteTeamCountry "DEN"]
[BlackTeamCountry "DEN"]

1. d4 d5 2. c4 e6 3. Nc3 Nf6 4. cxd5 exd5 5. Bg5 c6 6. e3 Be7 7. Bd3 O-O 8. Nf3
Nbd7 9. Qc2 Re8 10. O-O Nf8 11. h3 g6 12. Rab1 Ne6 13. Bxf6 Bxf6 14. b4 a6 15.
a4 Ng7 16. b5 axb5 17. axb5 Bf5 18. Bxf5 Nxf5 19. bxc6 bxc6 20. Na4 Rc8 21. Rb6
Re6 22. Rfb1 Qe8 23. Nc5 Bd8 24. Rb8 Bc7 25. Rxc8 Qxc8 26. Nxe6 Qxe6 27. Rc1
Ne7 28. Qc5 Kg7 29. Qa7 Bd6 30. Nd2 g5 31. Qa8 h5 32. Qd8 g4 33. hxg4 hxg4 34.
Ra1 g3 35. Ra8 gxf2+ 36. Kxf2 Ng6 37. Qc8 Qf6+ 38. Nf3 c5 39. Qg8+ Kh6 40. Ra1
1-0

[Event "XtraCon-Skakligaen"]
[Site "Denmark"]
[Date "2014.01.26"]
[Round "6.8"]
[White "Bindzus, Niels"]
[Black "Holst, Per"]
[Result "1-0"]
[WhiteElo "2143"]
[BlackElo "2124"]
[PlyCount "113"]
[EventDate "2013.11.02"]
[EventType "team-tourn"]
[EventRounds "9"]
[WhiteTeam "SK1968"]
[BlackTeam "Nordre"]
[WhiteTeamCountry "DEN"]
[BlackTeamCountry "DEN"]

1. e4 e6 2. d4 d5 3. Nc3 Bb4 4. e5 Qd7 5. a3 Bxc3+ 6. bxc3 b6 7. Qg4 f5 8. Qh4
Ne7 9. a4 Ba6 10. Bxa6 Nxa6 11. Qh5+ g6 12. Qe2 Nb8 13. h4 Nbc6 14. Nf3 h6 15.
Ba3 Na5 16. Bb4 Nc4 17. Bxe7 Kxe7 18. Nd2 Qc6 19. Nxc4 dxc4 20. Qf3 Qxf3 21.
gxf3 Rad8 22. Rb1 a5 23. Ke2 Rhg8 24. f4 Rg7 25. Rhg1 Kd7 26. Rg3 Rdg8 27. Rbg1
h5 28. Rb1 Kc6 29. Ke3 Rb8 30. Rbg1 Rbg8 31. Rb1 Kb7 32. d5 exd5 33. Kd4 c6 34.
e6 Kc7 35. Ke5 Re8 36. Rbg1 Reg8 37. Re3 b5 38. axb5 cxb5 39. Kxd5 a4 40. Kc5
Rb8 41. e7 Re8 42. Rge1 Kd7 43. Kxb5 Rb8+ 44. Kxc4 Ke8 45. Re5 Ra8 46. Kb4 a3
47. Kb3 a2 48. Kb2 a1=Q+ 49. Rxa1 Rb8+ 50. Kc1 Rxe7 51. Ra7 Rxe5 52. fxe5 Rc8
53. Rg7 Rc6 54. Kd2 Kf8 55. Rd7 Ke8 56. Rd4 Ra6 57. c4 1-0

[Event "XtraCon-Skakligaen"]
[Site "Denmark"]
[Date "2014.01.26"]
[Round "6.1"]
[White "Skytte, Rasmus"]
[Black "Hillarp Persson, Tiger"]
[Result "1/2-1/2"]
[WhiteElo "2423"]
[BlackElo "2557"]
[PlyCount "70"]
[EventDate "2013.11.02"]
[EventType "team-tourn"]
[EventRounds "9"]
[WhiteTeam "Aarhus/Skolerne"]
[BlackTeam "Bronshoj"]
[WhiteTeamCountry "DEN"]
[BlackTeamCountry "DEN"]

1. d4 Nf6 2. c4 e6 3. Nf3 d5 4. Nc3 c6 5. Bg5 Nbd7 6. cxd5 cxd5 7. e3 a6 8. Bd3
Be7 9. O-O O-O 10. a4 b6 11. h3 Bb7 12. Bf4 Ne4 13. Bxe4 dxe4 14. Nd2 f5 15.
Qb3 Rf6 16. f3 exf3 17. Nxf3 Rg6 18. Rad1 Kh8 19. d5 exd5 20. Nxd5 Qg8 21. Qd3
Bxd5 22. Qxd5 Qxd5 23. Rxd5 Nc5 24. Rxf5 Nxa4 25. Rf7 Re8 26. Rd1 Kg8 27. Rxe7
Rxe7 28. Rd8+ Kf7 29. Ne5+ Kf6 30. Nxg6 hxg6 31. Rd6+ Re6 32. Bg5+ Ke5 33. Bf4+
Kf6 34. Bg5+ Ke5 35. Bf4+ Kf6 1/2-1/2

[Event "XtraCon-Skakligaen"]
[Site "Denmark"]
[Date "2014.01.26"]
[Round "6.2"]
[White "Aabling Thomsen, Jakob"]
[Black "Sorensen, Jan"]
[Result "0-1"]
[WhiteElo "2375"]
[BlackElo "2422"]
[PlyCount "130"]
[EventDate "2013.11.02"]
[EventType "team-tourn"]
[EventRounds "9"]
[WhiteTeam "Bronshoj"]
[BlackTeam "Aarhus/Skolerne"]
[WhiteTeamCountry "DEN"]
[BlackTeamCountry "DEN"]

1. e4 e6 2. d4 d5 3. Nc3 Nc6 4. Nf3 Nf6 5. Bd3 Nb4 6. O-O Nxd3 7. Qxd3 Be7 8.
exd5 exd5 9. Bf4 O-O 10. h3 c6 11. Rfe1 Ne8 12. Ne2 Nd6 13. Ng3 Re8 14. Re2 Be6
15. Rae1 g6 16. Ne5 Bg5 17. Qf3 Qf6 18. Bxg5 Qxg5 19. Nd3 Rad8 20. Re5 Qh4 21.
c3 Nc4 22. R5e2 Nd6 23. Nf4 Bd7 24. Rxe8+ Rxe8 25. Rxe8+ Nxe8 26. Qe3 Qf6 27.
Nf1 Qd6 28. Nd2 f6 29. Nb3 b6 30. Nc1 Kf7 31. Nce2 Qe7 32. Qd3 Nd6 33. b3 Bf5
34. Qd2 g5 35. Nh5 Bg6 36. Nhg3 h5 37. f3 Qe6 38. Nf1 Qf5 39. h4 gxh4 40. Nf4
Qg5 41. Nxg6 Qxd2 42. Nh8+ Kg7 43. Nxd2 Kxh8 44. Kh2 Kg7 45. Kh3 Nf5 46. f4 Ne3
47. Nf3 Nd1 48. c4 dxc4 49. bxc4 Ne3 50. c5 b5 51. d5 Nxd5 52. Nd4 Nxf4+ 53.
Kxh4 Nxg2+ 54. Kg3 Ne3 55. Nxc6 a6 56. Nd4 Nd5 57. Kh4 Kg6 58. Ne6 Kf5 59. Ng7+
Ke5 60. Nxh5 b4 61. Kg4 a5 62. c6 Kd6 63. Kf5 a4 64. Ng3 Nc3 65. a3 b3 0-1